000 00260nam a2200109Ia 4500
008 221007s9999 xx 000 0 und d
041 _aeng
100 _aApr-06
_996882
245 _aPC Quest: Live linux CD
260 _bCyber media Ind. Ltd.
906 _bGeneral
999 _c61343
_d61343